| 000 | 01674cam a22004457a 4500 | ||
|---|---|---|---|
| 001 | 000092994 | ||
| 003 | CHAP | ||
| 005 | 20220329142914.0 | ||
| 008 | 050128s2004 mx a r 00010 spa d | ||
| 010 | _a89460 | ||
| 011 | _a90432 | ||
| 035 | _a100988 | ||
| 040 | _cCHAP | ||
| 090 | _aTesis | ||
| 100 | 0 | 0 |
_aMorales Hurtado, Gabriela. _978307 |
| 245 | 1 | 0 |
_aAcondicionamiento osmótico de semillas de melón (Cucumis melo L.) para la promoción de cosechas tempranas / _c/por Gabriela Morales Hurtado. |
| 260 |
_aChapingo, Méx. : _bEl autor, _c2004. |
||
| 300 |
_a72 h. : _bgráfs., cuadros. |
||
| 502 | _aTesis (Ing. Agr. Esp. en Zonas Áridas) -- UACH. Unidad Regional Universitaria de Zonas Áridas | ||
| 590 |
_aALEPH _b10 _c20130110 _lUCH01 _h1504 |
||
| 590 |
_aBATCH-UPD _b10 _c20130110 _lUCH01 _h0510 |
||
| 590 |
_aBATCH-UPD _b10 _c20130410 _lUCH01 _h0148 |
||
| 590 |
_aBATCH-UPD _b10 _c20130914 _lUCH01 _h1811 |
||
| 590 |
_aBATCH-UPD _b10 _c20140324 _lUCH01 _h1449 |
||
| 590 |
_aBATCH-UPD _b10 _c20141002 _lUCH01 _h0825 |
||
| 590 |
_aCONVERSION _b10 _c20130109 _lUCH01 _h1350 |
||
| 590 |
_aE12093SGE _b10 _c20130620 _lUCH01 _h1053 |
||
| 650 | 1 | 4 |
_aMelón _xSemilla. _974478 |
| 650 | 1 | 4 |
_aOsmosis. _984198 |
| 650 | 1 | 4 |
_aPlántulas _xGerminación. _989195 |
| 650 | 1 | 4 |
_aSemillas _xAcondicionamiento. _9103874 |
| 650 | 1 | 4 |
_aSemillas _xGerminación. _9103903 |
| 856 |
_3Finding aid _uhttp://10.13.5.2/tesis/100988.pdf _zTeclea aquí |
||
| 901 | _aBK | ||
| 905 | _aMarco A. Mendoza T. | ||
| 942 | _cCD | ||
| 942 | _n0 | ||
| 949 |
_aTesis _bBC _cTES _d1009881 _eTS1 _gDonaciØn _h43501 _i100988 _sb |
||
| 949 |
_aTesis _bBC _cTES _d33724000943734 _eTS2 _fc.2 _gDonaciØn _h43502 _i100988 _sb |
||
| 999 |
_c89460 _d89460 |
||